000 03433cam a22004337i 4500
001 18579304
003 BJBSDDR
005 20231101150455.0
007 ta
008 150417s2016 sp a b 001 0 spa c
010 _a 2015939043
020 _a9788416511112
020 _a8416511110
035 _a(OCoLC)ocn893455325
040 _bspa
_cBTCTA
_dYDXCP
_dBDX
_dCDX
_dEQO
_dUPM
_dOCLCO
_dCUD
_dVP@
_dVWL
_dOCLCF
_dOCLCO
_dILI
_dNLGGC
_dOCLCO
_dNZQQP
_dOCLCQ
_dS3O
_dOCLCO
_dDLC
041 _aspa
042 _apcc
050 1 4 _aHD 8038
_bS964f 2016
100 1 _aSusskind, Richard E.
_q(Richard Eric),
_99775
_d1961-
245 1 4 _aEl futuro de las profesiones :
_bcómo la tecnología transformará el trabajo de los expertos humanos /
_cRichard Susskind and Daniel Susskind.
264 1 _aZaragoza :
_bTeell,
_c2016.
300 _a xvii, 333 pages ;
_c24 cm
336 _atext
_btxt
_2rdacontent
337 _aunmediated
_bn
_2rdamedia
338 _avolume
_bnc
_2rdacarrier
505 _aEl cambio -- La teoría -- Consecuencias.
520 _aEste libro predice el declive de las profesiones actuales y explica las personas y los sistemas que las sustituirán. En una sociedad caracterizada por la presencia de Internet, según Richard Susskind y Daniel Susskind, no necesitaremos que los médicos, profesores, contables, arquitectos, sacerdotes, consultores, abogados y muchos otros, trabajen como lo hacían en el siglo XX. El futuro de las profesiones explica cómo "sistemas cada vez más capaces"--Desde la tele-presencia hasta la inteligencia artificial- conllevarán cambios fundamentales en la forma en que el conocimiento práctico de los especialistas se pone a disposición de la sociedad. Los autores ponen en cuestión el "gran trato", el acuerdo que garantiza diversos monopolios a los profesionales actuales. Defienden que nuestras profesiones actuales están anticuadas, son opacas y difícilmente asequibles, y que el conocimiento de los mejores pueden disfrutarlo sólo unos pocos. En su lugar, proponen seis nuevos modelos de producción y distribución del conocimiento. El libro plantea importantes cuestiones morales y prácticas. En una era en que las máquinas pueden superar a los seres humanos en la mayoría de tareas, ¿Cuáles son las perspectivas para el empleo?, ¿Quién debe poseer y controlar el conocimiento por Internet?, ¿y qué tareas deben reservarse únicamente a las personas? Basada en la profunda investigación de más de diez profesiones, e ilustrado por numerosos ejemplos de cada una, éste es el primer libro que evalúa y se pregunta por la relevancia de las profesiones en el siglo XXI.
650 4 _aEmpleados profesionales
_99799
650 4 _aInnovaciones tecnológicas
_xAspectos sociales
_91640
650 4 _aInnovaciones tecnológicas
_96528
_vEmpleos
700 1 _aSusskind, Daniel
_99779
856 4 2 _3Contributor biographical information
_uhttps://www.loc.gov/catdir/enhancements/fy1614/2015939043-b.html
856 4 2 _3Publisher description
_uhttps://www.loc.gov/catdir/enhancements/fy1614/2015939043-d.html
856 4 1 _3Table of contents only
_uhttps://www.loc.gov/catdir/enhancements/fy1614/2015939043-t.html
906 _a7
_bcbc
_cpccadap
_d2
_encip
_f20
_gy-gencatlg
942 _2lcc
_cBK
999 _c119248
_d119248